000 00812nas a2200265 4500
001 BR0706073
003 BR-BrBNA
005 20231205111236.0
007 ta
008 230509b bl.|||p| |||| 00| 00por d
040 _aBR-BrBNA
_bpor
_cBiblioteca Nacional de Agricultura
041 _a(Pt)
072 _aL50
100 1 _aBirgel, E.H.
100 1 _aAmaral, V. do
100 1 _aBottino, J.A.
245 1 _aConsiderações sobre o teor de gama globulina no plasma de três lotes de bovinos da raça Hereford
650 _aBOVINO
650 _aRAÇA
650 _aGAMAGLOBULINA
650 _aPLASMA
773 0 _tRevista da Faculdade de Medicina Veterinária (Brazil)
_xISSN 0301-7273
_g(Dec 1965), v. 7(2) p. 475-479
_wBR0706073
909 _a202311
_bLúcia
_c55
_dLúcia Elande
942 _2AGRIS
_n0
_cANA
999 _c191564
_d191564